[Event "Junior Online 4NCL Division 3"]
[Site "online"]
[Date "2021.04.01"]
[EventDate "2021.04.01"]
[Round "6.102"]
[White "Smolders, Thomas"]
[WhiteElo "1330"]
[WhiteTeam "The Hall 1"]
[Black "Roul, Tushar"]
[BlackElo "395"]
[BlackTeam "East Kilbride Bishops"]
[Result "0-1"]
[PlyCount "44"]

1. e4 d5 2. exd5 Nf6 3. d4 Qxd5 4. Nf3 Nc6 5. Nc3 Qd6 6. Bb5 Nd5 7. Nxd5 Qxd5 8. Ba4 Bg4 9. h3 Bxf3 10. Qxf3 Qa5+ 11. Qc3 Qxa4 12. d5 Qe4+ 13. Be3 Qxd5 14. O-O e5 15. a3 Bd6 16. Rad1 Qe6 17. Rfe1 O-O 18. Bf4 f6 19. Bg3 Qf7 20. Re3 Rad8 21. Rf3 e4 22. Bxd6 exf3 0-1

[Event "Junior Online 4NCL Division 3"]
[Site "online"]
[Date "2021.04.01"]
[EventDate "2021.04.01"]
[Round "6.103"]
[White "Roul, Karan"]
[WhiteElo "427"]
[WhiteTeam "East Kilbride Bishops"]
[Black "Moser, Benjamin"]
[BlackElo "1370"]
[BlackTeam "The Hall 1"]
[Result "1-0"]
[PlyCount "63"]

1. e4 e5 2. Nf3 Nc6 3. Nc3 Bc5 4. Nxe5 Bxf2+ 5. Kxf2 Nxe5 6. d4 Nc6 7. Bb5 Nge7 8. Be3 O-O 9. a3 a6 10. Bxc6 dxc6 11. Qd3 Re8 12. Rhf1 b6 13. Kg1 Qd7 14. Ne2 Bb7 15. Rad1 Rad8 16. c3 Ng6 17. Ng3 c5 18. d5 c6 19. d6 Re6 20. Nf5 Kf8 21. g3 Ne5 22. Qd2 Nc4 23. Qd3 Nxe3 24. Qxe3 g6 25. Nh4 Rxd6 26. Rxd6 Qxd6 27. Nf3 Kg8 28. Qh6 c4 29. Ng5 Qc5+ 30. Kh1 Bc8 31. Qxh7+ Kf8 32. Qxf7# 1-0

[Event "Junior Online 4NCL Division 3"]
[Site "online"]
[Date "2021.04.01"]
[EventDate "2021.04.01"]
[Round "6.104"]
[White "Jhamna, Florian"]
[WhiteElo "1369"]
[WhiteTeam "The Hall 1"]
[Black "Verma, Abhi"]
[BlackElo "380"]
[BlackTeam "East Kilbride Bishops"]
[Result "0-1"]
[PlyCount "66"]

1. e3 c5 2. d4 cxd4 3. exd4 d5 4. Nc3 Nf6 5. Nf3 Bf5 6. Bf4 e6 7. Qd2 Nc6 8. O-O-O Bd6 9. Bxd6 Qxd6 10. Kb1 O-O 11. Bd3 Bxd3 12. Qxd3 a6 13. a3 b5 14. h4 Rfb8 15. g4 Nxg4 16. Qe2 a5 17. Rdg1 h5 18. Nd1 b4 19. axb4 axb4 20. Ne3 b3 21. Nxg4 bxc2+ 22. Kxc2 Nb4+ 23. Kb1 Ra2 24. Nf6+ Kf8 25. Nh7+ Ke7 26. Rxg7 Nd3 27. Kxa2 Qa6+ 28. Kb1 Rxb2+ 29. Qxb2 Nxb2 30. Kxb2 Qb5+ 31. Kc2 Qc4+ 32. Kb2 Qb4+ 33. Ka2 Qa4+ 0-1

[Event "Junior Online 4NCL Division 3"]
[Site "online"]
[Date "2021.04.01"]
[EventDate "2021.04.01"]
[Round "6.105"]
[White "Patel, Ishaan"]
[WhiteElo "1467"]
[WhiteTeam "The Hall 1"]
[Black "Nagar, Nikunj"]
[BlackElo "658"]
[BlackTeam "East Kilbride Bishops"]
[Result "1-0"]
[PlyCount "87"]

1. e4 e5 2. Nf3 Nc6 3. Nc3 Nf6 4. Bc4 Nxe4 5. Nxe4 d5 6. Bd3 dxe4 7. Bxe4 Bc5 8. d3 Be6 9. Bxc6+ bxc6 10. Be3 Bxe3 11. fxe3 Qf6 12. O-O O-O 13. Nd4 Qe7 14. Nxc6 Qc5 15. Qf3 Bd5 16. Ne7+ Qxe7 17. Qxd5 Qd6 18. Qxd6 cxd6 19. Rf2 Rfc8 20. c3 d5 21. d4 exd4 22. exd4 h6 23. Rf5 Rd8 24. Raf1 Rd7 25. Re1 Rb8 26. b3 Rc8 27. Rc1 Rdc7 28. Rxd5 Rxc3 29. Rxc3 Rxc3 30. Ra5 Rc1+ 31. Kf2 Rc2+ 32. Kg3 Rc3+ 33. Kf4 Rc7 34. Ke5 Re7+ 35. Kd6 Re6+ 36. Kd7 Re4 37. d5 Re5 38. Kc6 Rg5 39. Rxa7 Rxg2 40. d6 Rg6 41. Kc7 Kf8 42. d7 Re6 43. Ra8+ Ke7 44. d8=Q# 1-0

[Event "Junior Online 4NCL Division 3"]
[Site "online"]
[Date "2021.04.01"]
[EventDate "2021.04.01"]
[Round "6.106"]
[White "Roul, Tushar"]
[WhiteElo "395"]
[WhiteTeam "East Kilbride Bishops"]
[Black "Smolders, Thomas"]
[BlackElo "1330"]
[BlackTeam "The Hall 1"]
[Result "1-0"]
[PlyCount "29"]

1. e4 e5 2. Nf3 Nc6 3. Nc3 Bb4 4. d4 exd4 5. Nxd4 Nf6 6. Bc4 Nxe4 7. Bd2 Nxd2 8. Qxd2 Qe7+ 9. Nde2 O-O 10. O-O-O Bxc3 11. Nxc3 d6 12. Nd5 Qd8 13. Rhe1 Re8 14. Rxe8+ Qxe8 15. Nxc7 1-0

[Event "Junior Online 4NCL Division 3"]
[Site "online"]
[Date "2021.04.01"]
[EventDate "2021.04.01"]
[Round "6.107"]
[White "Moser, Benjamin"]
[WhiteElo "1370"]
[WhiteTeam "The Hall 1"]
[Black "Roul, Karan"]
[BlackElo "427"]
[BlackTeam "East Kilbride Bishops"]
[Result "1-0"]
[PlyCount "47"]

1. d4 d5 2. Nf3 Nc6 3. Bf4 Nf6 4. e3 Bf5 5. Nbd2 e6 6. Bb5 Qd7 7. Ne5 Qd8 8. Nxc6 bxc6 9. Bxc6+ Ke7 10. Bxa8 Qxa8 11. O-O Kd7 12. Nf3 Bd6 13. c3 Bxf4 14. exf4 Ne4 15. Ng5 Nxg5 16. fxg5 Qd8 17. h4 h5 18. Qa4+ c6 19. Qxa7+ Kd6 20. Qxf7 g6 21. Qf6 Kd7 22. a4 Rh6 23. Qxd8+ Kxd8 24. gxh6 1-0

[Event "Junior Online 4NCL Division 3"]
[Site "online"]
[Date "2021.04.01"]
[EventDate "2021.04.01"]
[Round "6.111"]
[White "Popovici, Rees"]
[WhiteElo "1702"]
[WhiteTeam "Colchester Juniors A"]
[Black "Abraham, Lexi"]
[BlackElo "970"]
[BlackTeam "Leicestershire Juniors 4"]
[Result "1-0"]
[PlyCount "43"]

1. e4 e5 2. d4 f5 3. Nc3 exd4 4. Qxd4 fxe4 5. Qxe4+ Qe7 6. Bf4 Nf6 7. Qxe7+ Bxe7 8. Bxc7 Nc6 9. O-O-O Ng4 10. Bg3 Bd6 11. Rxd6 Ke7 12. Be2 Nb4 13. Bxg4 Rf8 14. Rd1 Rf6 15. Bh4 g5 16. Bxg5 Kf7 17. Bxf6 Kxf6 18. Rd6+ Ke7 19. Rh6 Nc6 20. Rxh7+ Kf8 21. Nf3 Ne7 22. Re1 1-0

[Event "Junior Online 4NCL Division 3"]
[Site "online"]
[Date "2021.04.01"]
[EventDate "2021.04.01"]
[Round "6.112"]
[White "Dahi, Varad Prakash"]
[WhiteElo "833"]
[WhiteTeam "Leicestershire Juniors 4"]
[Black "Rida, Ruqayyah"]
[BlackElo "1540"]
[BlackTeam "Colchester Juniors A"]
[Result "0-1"]
[PlyCount "32"]

1. e4 e5 2. Nf3 Nc6 3. Bb5 a6 4. Bxc6 dxc6 5. Nxe5 Qd4 6. O-O Qxe5 7. Qe1 Nf6 8. Nc3 Bd6 9. g3 O-O 10. f4 Bc5+ 11. Kh1 Qh5 12. d3 Bh3 13. Be3 Bxe3 14. Qxe3 Ng4 15. Qe1 Bxf1 16. Qxf1 Qxh2# 0-1

[Event "Junior Online 4NCL Division 3"]
[Site "online"]
[Date "2021.04.01"]
[EventDate "2021.04.01"]
[Round "6.113"]
[White "Catabay, Rezin C"]
[WhiteElo "1493"]
[WhiteTeam "Colchester Juniors A"]
[Black "Jackson, Will"]
[BlackElo "809"]
[BlackTeam "Leicestershire Juniors 4"]
[Result "1-0"]
[PlyCount "61"]

1. c4 e5 2. Nc3 Bb4 3. a3 Bxc3 4. bxc3 d6 5. d4 Bg4 6. h3 Bh5 7. dxe5 dxe5 8. Qxd8+ Kxd8 9. Bg5+ f6 10. O-O-O+ Nd7 11. Be3 Ne7 12. g4 Bg6 13. Bg2 Rb8 14. f4 Nc6 15. f5 Bf7 16. Bd5 Rf8 17. Be6 Bxe6 18. fxe6 Na5 19. Rxd7+ Ke8 20. Bc5 b6 21. Bxf8 Kxf8 22. Rxc7 e4 23. e3 Ra8 24. Ne2 Nb3+ 25. Kc2 Nc5 26. Nd4 g5 27. Rd1 h6 28. e7+ Kf7 29. Nc6 Kg8 30. Rd8+ Rxd8 31. exd8=Q# 1-0

[Event "Junior Online 4NCL Division 3"]
[Site "online"]
[Date "2021.04.01"]
[EventDate "2021.04.01"]
[Round "6.114"]
[White "Mittal, Aarav"]
[WhiteElo "882"]
[WhiteTeam "Leicestershire Juniors 4"]
[Black "Kanellopoulos, Nickolas"]
[BlackElo "1465"]
[BlackTeam "Colchester Juniors A"]
[Result "0-1"]
[PlyCount "30"]

1. e4 e5 2. Bc4 Nf6 3. Nf3 Nxe4 4. Nc3 Nxc3 5. bxc3 d5 6. Bb5+ c6 7. Bd3 e4 8. Bxe4 dxe4 9. Ne5 Qg5 10. d3 Qxe5 11. dxe4 Qxe4+ 12. Kf1 Bc5 13. Qh5 Qc4+ 14. Ke1 Qxc3+ 15. Ke2 Qxa1 0-1

[Event "Junior Online 4NCL Division 3"]
[Site "online"]
[Date "2021.04.01"]
[EventDate "2021.04.01"]
[Round "6.116"]
[White "Rida, Ruqayyah"]
[WhiteElo "1540"]
[WhiteTeam "Colchester Juniors A"]
[Black "Dahi, Varad Prakash"]
[BlackElo "833"]
[BlackTeam "Leicestershire Juniors 4"]
[Result "1-0"]
[PlyCount "31"]

1. e4 e5 2. Nf3 Nc6 3. Bc4 h6 4. O-O Nf6 5. d3 Bd6 6. c3 O-O 7. Re1 a6 8. Bb3 Be7 9. d4 exd4 10. cxd4 Na5 11. Bc2 Nc4 12. Nc3 Nd6 13. e5 Nc4 14. exf6 Bxf6 15. Qd3 Nd6 16. Qh7# 1-0

[Event "Junior Online 4NCL Division 3"]
[Site "online"]
[Date "2021.04.01"]
[EventDate "2021.04.01"]
[Round "6.117"]
[White "Jackson, Will"]
[WhiteElo "809"]
[WhiteTeam "Leicestershire Juniors 4"]
[Black "Catabay, Rezin C"]
[BlackElo "1493"]
[BlackTeam "Colchester Juniors A"]
[Result "0-1"]
[PlyCount "36"]

1. d4 Nf6 2. e3 d5 3. Bb5+ c6 4. Ba4 Bf5 5. Nh3 Nbd7 6. Ng5 Nb6 7. b3 Nxa4 8. bxa4 Qa5+ 9. Nc3 Qxc3+ 10. Bd2 Qxc2 11. Rc1 Qxa2 12. Ra1 Qc4 13. g3 h6 14. Nf3 Be4 15. Ne5 Qa6 16. Nf3 e6 17. Qb3 Bxf3 18. Bb4 Qe2# 0-1

[Event "Junior Online 4NCL Division 3"]
[Site "online"]
[Date "2021.04.01"]
[EventDate "2021.04.01"]
[Round "6.118"]
[White "Kanellopoulos, Nickolas"]
[WhiteElo "1465"]
[WhiteTeam "Colchester Juniors A"]
[Black "Mittal, Aarav"]
[BlackElo "882"]
[BlackTeam "Leicestershire Juniors 4"]
[Result "1-0"]
[PlyCount "47"]

1. e4 e5 2. Nf3 Nf6 3. Nxe5 Nc6 4. Nxc6 dxc6 5. Nc3 Ng4 6. Bc4 Bc5 7. d4 Be7 8. O-O Bd6 9. h3 Nh6 10. Qf3 Be6 11. Bxe6 fxe6 12. Qh5+ Kf8 13. Bxh6 gxh6 14. Qxh6+ Kf7 15. f4 Qg8 16. f5 exf5 17. Rxf5+ Ke8 18. e5 Be7 19. Raf1 b5 20. Ne4 Rd8 21. Nf6+ Kf7 22. Nxg8+ Kxg8 23. Qg5+ Bxg5 24. Rxg5# 1-0

[Event "Junior Online 4NCL Division 3"]
[Site "online"]
[Date "2021.04.01"]
[EventDate "2021.04.01"]
[Round "6.132"]
[White "Omoruyi, Jaden"]
[WhiteElo "1149"]
[WhiteTeam "Brentwood School B"]
[Black "Hanache, Kai"]
[BlackElo "1371"]
[BlackTeam "JHJ Shark Tank 3"]
[Result "0-1"]
[PlyCount "32"]

1. e4 e6 2. c4 d5 3. cxd5 exd5 4. exd5 Qxd5 5. Nc3 Qd8 6. Bc4 Nf6 7. d4 Bd6 8. Bg5 h6 9. Bh4 c6 10. a4 O-O 11. Nf3 Bg4 12. h3 Bh5 13. Ne4 Re8 14. Qc2 Rxe4+ 15. Qxe4 Qa5+ 16. Nd2 Nxe4 0-1

[Event "Junior Online 4NCL Division 3"]
[Site "online"]
[Date "2021.04.01"]
[EventDate "2021.04.01"]
[Round "6.133"]
[White "Vashisht-Pigem, Raman"]
[WhiteElo "1405"]
[WhiteTeam "JHJ Shark Tank 3"]
[Black "van Enckevort, Noah"]
[BlackElo "984"]
[BlackTeam "Brentwood School B"]
[Result "1-0"]
[PlyCount "107"]

1. e4 d5 2. exd5 c6 3. dxc6 Nxc6 4. Nc3 e5 5. Bc4 Nf6 6. d3 a6 7. Bg5 Nd4 8. Nf3 Nxf3+ 9. Qxf3 Be7 10. Ne4 Be6 11. Nxf6+ Bxf6 12. Bxf6 gxf6 13. Bxe6 fxe6 14. Qxb7 f5 15. Qc6+ Kf7 16. Qb7+ Kf6 17. Qf3 Rc8 18. Qd1 e4 19. d4 Qa5+ 20. c3 Rhg8 21. O-O Rg4 22. h3 Rg6 23. Kh1 Qd5 24. Qb3 e3 25. Qxd5 exd5 26. fxe3 Rb8 27. b3 Kg5 28. Rf4 Re6 29. Rf3 Rc8 30. Rc1 Rcc6 31. c4 dxc4 32. Rxc4 Rxc4 33. bxc4 Rb6 34. Rf2 Rb4 35. Rc2 Kh4 36. Kh2 h6 37. c5 Rb7 38. c6 Rc7 39. d5 Rf7 40. c7 f4 41. c8=Q fxe3 42. Qd8+ Kh5 43. g4+ Kg6 44. Qg8+ Kf6 45. Rc6+ Ke7 46. Rc7+ Kd6 47. Qxf7 e2 48. Qe7+ Kxd5 49. Qxe2 Kd4 50. Rc4+ Kd5 51. Qe4+ Kd6 52. Rc6+ Kd7 53. Qe6+ Kd8 54. Rc8# 1-0

[Event "Junior Online 4NCL Division 3"]
[Site "online"]
[Date "2021.04.01"]
[EventDate "2021.04.01"]
[Round "6.134"]
[White "Measday, Austin"]
[WhiteElo "861"]
[WhiteTeam "Brentwood School B"]
[Black "Yu, Rock"]
[BlackElo "1450"]
[BlackTeam "JHJ Shark Tank 3"]
[Result "0-1"]
[PlyCount "86"]

1. e4 e6 2. e5 d5 3. exd6 Bxd6 4. Bc4 b6 5. Qf3 c6 6. d3 Bb7 7. b4 Nd7 8. b5 Ne5 9. Qe4 Nf6 10. Qh4 Nxc4 11. bxc6 Bxc6 12. dxc4 Bxg2 13. Bg5 Bxh1 14. Bxf6 Qxf6 15. Qxf6 gxf6 16. Nc3 Be5 17. O-O-O Bxc3 18. Ne2 Bf3 19. Nxc3 Bxd1 20. Kxd1 O-O-O+ 21. Kc1 Rhg8 22. a4 Rg2 23. Ne4 Rxh2 24. Nxf6 Rxf2 25. Ne4 Rf1+ 26. Kb2 Re1 27. Kc3 Rxe4 28. Kb3 Rf4 29. c5 Rf5 30. cxb6 axb6 31. a5 bxa5 32. Ka4 h5 33. c4 h4 34. c5 h3 35. c6 h2 36. c7 Kxc7 37. Ka3 h1=Q 38. Ka4 Rd4+ 39. Kb3 Qf3+ 40. Kc2 Qd3+ 41. Kc1 Qd1+ 42. Kb2 Rf2+ 43. Kc3 Qd3# 0-1

[Event "Junior Online 4NCL Division 3"]
[Site "online"]
[Date "2021.04.01"]
[EventDate "2021.04.01"]
[Round "6.136"]
[White "Hanache, Kai"]
[WhiteElo "1371"]
[WhiteTeam "JHJ Shark Tank 3"]
[Black "Omoruyi, Jaden"]
[BlackElo "1149"]
[BlackTeam "Brentwood School B"]
[Result "1-0"]
[PlyCount "23"]

1. e4 e5 2. Nf3 Nc6 3. Bc4 Bc5 4. O-O d6 5. c3 Be6 6. Bxe6 fxe6 7. Qb3 Qd7 8. Qxb7 Rb8 9. Qa6 Nf6 10. d3 O-O 11. b4 Bb6 12. a4 1-0

[Event "Junior Online 4NCL Division 3"]
[Site "online"]
[Date "2021.04.01"]
[EventDate "2021.04.01"]
[Round "6.137"]
[White "van Enckevort, Noah"]
[WhiteElo "984"]
[WhiteTeam "Brentwood School B"]
[Black "Vashisht-Pigem, Raman"]
[BlackElo "1405"]
[BlackTeam "JHJ Shark Tank 3"]
[Result "0-1"]
[PlyCount "94"]

1. d4 Nf6 2. e3 g6 3. Nc3 d6 4. e4 Bg7 5. e5 dxe5 6. dxe5 Qxd1+ 7. Nxd1 Nd5 8. f4 Bf5 9. Ne3 Nxe3 10. Bxe3 c6 11. c4 g5 12. Nf3 gxf4 13. Bxf4 Na6 14. O-O-O O-O 15. h3 Nb4 16. Nd4 Nxa2+ 17. Kd2 Bg6 18. c5 Nb4 19. Bc4 Rad8 20. Kc3 Nd5+ 21. Bxd5 Rxd5 22. Ne6 fxe6 23. Rxd5 exd5 24. Ra1 a6 25. b4 Rxf4 26. g4 Bxe5+ 27. Kd2 Bxa1 28. Ke3 e5 29. Ke2 Kf7 30. g5 Bh5+ 31. Ke3 Bd4+ 32. Kd3 Rf3+ 33. Ke2 Ra3+ 34. Kd2 Kg6 35. Ke1 Ra2 36. b5 Kf5 37. h4 Ke4 38. bxc6 bxc6 39. g6 Bxg6 40. Kd1 Rd2+ 41. Kxd2 Be3+ 42. Ke2 d4 43. Kf1 Kf3 44. Ke1 Bc2 45. h5 d3 46. h6 d2+ 47. Kf1 d1=R# 0-1

[Event "Junior Online 4NCL Division 3"]
[Site "online"]
[Date "2021.04.01"]
[EventDate "2021.04.01"]
[Round "6.138"]
[White "Yu, Rock"]
[WhiteElo "1450"]
[WhiteTeam "JHJ Shark Tank 3"]
[Black "Measday, Austin"]
[BlackElo "861"]
[BlackTeam "Brentwood School B"]
[Result "1-0"]
[PlyCount "29"]

1. Nc3 e6 2. d4 e5 3. dxe5 Bc5 4. Nf3 g5 5. Bxg5 f6 6. exf6 h6 7. f7+ Kf8 8. fxg8=Q+ Rxg8 9. Bxd8 Be7 10. Bxe7+ Kxe7 11. Nd5+ Kf7 12. Nxc7 Nc6 13. Qd5+ Kf8 14. Ne5 Rg5 15. Qf7# 1-0

[Event "Junior Online 4NCL Division 3"]
[Site "online"]
[Date "2021.04.01"]
[EventDate "2021.04.01"]
[Round "6.141"]
[White "Noyvert, Michael"]
[WhiteElo "1100"]
[WhiteTeam "Leicestershire Juniors 3"]
[Black "Soulier, Alfred"]
[BlackElo "1647"]
[BlackTeam "KCJS 2"]
[Result "0-1"]
[PlyCount "106"]

1. e4 c5 2. Nf3 d6 3. Bb5+ Bd7 4. Bxd7+ Qxd7 5. c4 Nf6 6. Nc3 e6 7. d3 Nc6 8. O-O Be7 9. Be3 O-O 10. b3 a6 11. h3 Rfd8 12. Qe2 d5 13. e5 Ne8 14. Nh2 d4 15. Bxd4 Qxd4 16. Na4 Qxd3 17. Qxd3 Rxd3 18. Nxc5 Bxc5 19. Ng4 h5 20. Nh2 Nxe5 21. Rfe1 Nc6 22. Rad1 Rxd1 23. Rxd1 Rd8 24. Rxd8 Nxd8 25. Kf1 Bd6 26. Nf3 Nc6 27. Ke2 Nf6 28. Kd3 Ne5+ 29. Nxe5 Bxe5 30. a3 Kf8 31. b4 Ke7 32. c5 Kd7 33. Kc4 Kc6 34. g3 Ne4 35. f4 Bc7 36. g4 hxg4 37. hxg4 Bxf4 38. a4 Nd2+ 39. Kd4 b6 40. cxb6 Kxb6 41. Kd3 e5 42. Ke2 g6 43. Kf2 f5 44. gxf5 gxf5 45. Ke2 a5 46. b5 Nc4 47. Kd3 Nb2+ 48. Kc3 Nxa4+ 49. Kb3 Kxb5 50. Ka3 e4 51. Kb3 e3 52. Kc2 Nc5 53. Kd1 a4 0-1

[Event "Junior Online 4NCL Division 3"]
[Site "online"]
[Date "2021.04.01"]
[EventDate "2021.04.01"]
[Round "6.142"]
[White "Patel, Zain"]
[WhiteElo "1573"]
[WhiteTeam "KCJS 2"]
[Black "Das, Anish"]
[BlackElo "1015"]
[BlackTeam "Leicestershire Juniors 3"]
[Result "1-0"]
[PlyCount "39"]

1. d4 d5 2. c4 Nf6 3. cxd5 Nxd5 4. Nf3 Nc6 5. e4 Nb6 6. Bb5 Bd7 7. O-O f6 8. e5 a6 9. Bxc6 Bxc6 10. e6 Bd5 11. Re1 Qd6 12. Qe2 Bc4 13. Qc2 O-O-O 14. Nbd2 Bxe6 15. Ne4 Qd5 16. Bf4 Na8 17. Rac1 c6 18. Nc3 Qd7 19. Na4 g5 20. Nc5 1-0

[Event "Junior Online 4NCL Division 3"]
[Site "online"]
[Date "2021.04.01"]
[EventDate "2021.04.01"]
[Round "6.143"]
[White "Dissanayake, Sathsara"]
[WhiteElo "991"]
[WhiteTeam "Leicestershire Juniors 3"]
[Black "Poghosyan, Jake"]
[BlackElo "1488"]
[BlackTeam "KCJS 2"]
[Result "0-1"]
[PlyCount "176"]

1. e4 e5 2. Nf3 Nf6 3. d3 Bc5 4. Nxe5 Nc6 5. Ng4 Nxg4 6. Qxg4 Qf6 7. Qf5 Qxf5 8. exf5 Nd4 9. Be3 Nxc2+ 10. Kd2 Bxe3+ 11. Kxc2 Bxf2 12. Nc3 d6 13. Ne4 Bb6 14. Re1 O-O 15. f6 Bf5 16. fxg7 Kxg7 17. Ng3 Bg6 18. Be2 Rfe8 19. Bh5 Bf2 20. Rxe8 Rxe8 21. Bxg6 fxg6 22. Ne4 Bb6 23. Re1 Bf2 24. Re2 Bb6 25. Kc3 d5 26. Ng3 Rxe2 27. Nxe2 c5 28. d4 Kf6 29. dxc5 Bxc5 30. b4 Bb6 31. Nd4 Ke5 32. Nf3+ Kd6 33. Ng5 h5 34. Nf7+ Ke7 35. Ne5 Kf6 36. Nd7+ Ke6 37. Nf8+ Kf7 38. Nd7 Bc7 39. g3 b6 40. Kd4 Ke6 41. Nf8+ Kf7 42. Nd7 Ke6 43. Nf8+ Kf7 44. Nh7 Ke6 45. Ng5+ Kf5 46. Nf3 Ke6 47. Nh4 g5 48. Nf3 Bd8 49. h4 Bf6+ 50. Ke3 g4 51. Nd4+ Bxd4+ 52. Kxd4 Kd6 53. Ke3 Ke5 54. Kf2 Ke4 55. a3 a6 56. a4 a5 57. b5 Kd3 58. Kg2 Ke2 59. Kg1 d4 60. Kg2 d3 61. Kh2 d2 62. Kg2 Ke1 63. Kh2 d1=Q 64. Kg2 Qe2+ 65. Kg1 Qxb5 66. axb5 a4 67. Kg2 a3 68. Kg1 Ke2 69. Kg2 a2 70. Kh2 Kf3 71. Kg1 Kxg3 72. Kf1 a1=Q+ 73. Ke2 Qe5+ 74. Kd3 Qxb5+ 75. Ke4 Qe2+ 76. Kf5 Qe3 77. Kg6 Kxh4 78. Kf5 g3 79. Kg6 g2 80. Kf5 b5 81. Kf6 Qf3+ 82. Ke6 g1=Q 83. Kd6 Qgd1+ 84. Ke5 Qe3+ 85. Kf5 Qf1+ 86. Kg6 Qg5+ 87. Kh7 Qf7+ 88. Kh8 Qgg7# 0-1

[Event "Junior Online 4NCL Division 3"]
[Site "online"]
[Date "2021.04.01"]
[EventDate "2021.04.01"]
[Round "6.144"]
[White "Kucukyildiz, Alp Tugrul"]
[WhiteElo "1421"]
[WhiteTeam "KCJS 2"]
[Black "Ahmad, Amelia"]
[BlackElo "886"]
[BlackTeam "Leicestershire Juniors 3"]
[Result "1-0"]
[PlyCount "31"]

1. e4 e5 2. Nf3 Nc6 3. Bb5 Bc5 4. O-O Nf6 5. d3 Ng4 6. h3 Nxf2 7. Rxf2 Bxf2+ 8. Kxf2 Nd4 9. Bc4 Nxf3 10. Qxf3 O-O 11. Kg1 Qe7 12. Nc3 Qh4 13. Nd5 Qe1+ 14. Kh2 d6 15. Qg3 Qf1 16. Bh6 1-0

[Event "Junior Online 4NCL Division 3"]
[Site "online"]
[Date "2021.04.01"]
[EventDate "2021.04.01"]
[Round "6.145"]
[White "Soulier, Alfred"]
[WhiteElo "1647"]
[WhiteTeam "KCJS 2"]
[Black "Noyvert, Michael"]
[BlackElo "1100"]
[BlackTeam "Leicestershire Juniors 3"]
[Result "1-0"]
[PlyCount "55"]

1. d4 d5 2. c4 e6 3. Nc3 Nf6 4. Bg5 Nbd7 5. Nf3 Be7 6. e3 O-O 7. Qc2 g6 8. Bh6 Re8 9. Bd3 Bd6 10. c5 Be7 11. O-O b6 12. b4 a5 13. a3 Bb7 14. Ne2 Kh8 15. c6 Bxc6 16. Qxc6 axb4 17. axb4 Rxa1 18. Rxa1 Bxb4 19. Bf4 Ba5 20. Qxc7 Qxc7 21. Bxc7 Rc8 22. Bf4 Bb4 23. Ne5 Kg7 24. Nxd7 Nxd7 25. h3 f5 26. Rc1 Ra8 27. Rc7 Rd8 28. Bg5 1-0

[Event "Junior Online 4NCL Division 3"]
[Site "online"]
[Date "2021.04.01"]
[EventDate "2021.04.01"]
[Round "6.147"]
[White "Poghosyan, Jake"]
[WhiteElo "1488"]
[WhiteTeam "KCJS 2"]
[Black "Dissanayake, Sathsara"]
[BlackElo "991"]
[BlackTeam "Leicestershire Juniors 3"]
[Result "1-0"]
[PlyCount "23"]

1. e4 e5 2. Nf3 d6 3. Bc4 Nc6 4. Nc3 Nf6 5. d3 Nd4 6. Be3 Nxf3+ 7. Qxf3 c5 8. Nd5 Nxd5 9. Bxd5 Qb6 10. Qxf7+ Kd8 11. Bg5+ Be7 12. Qxe7# 1-0

[Event "Junior Online 4NCL Division 3"]
[Site "online"]
[Date "2021.04.01"]
[EventDate "2021.04.01"]
[Round "6.151"]
[White "Grahame, Silas"]
[WhiteElo "1075"]
[WhiteTeam "Harrow Juniors F"]
[Black "Vaidyanathan, Sathya"]
[BlackElo "1088"]
[BlackTeam "Warwickshire Bears G"]
[Result "0-1"]
[PlyCount "139"]

1. e4 e5 2. Nf3 Nc6 3. Bb5 d6 4. Nc3 Nf6 5. O-O a6 6. Ba4 b5 7. Bb3 Be7 8. Nd5 Bb7 9. Nxe7 Qxe7 10. d3 O-O 11. Bg5 h6 12. Bxf6 Qxf6 13. Qe2 Nd4 14. Nxd4 exd4 15. c3 dxc3 16. bxc3 Bc8 17. Bd5 Rb8 18. h3 Qg6 19. Qe3 Be6 20. Qa7 Bxh3 21. e5 dxe5 22. Qxc7 Bf5 23. Qxe5 Bxd3 24. Rfd1 Bf5 25. Bf3 Rfe8 26. Qc7 Rbc8 27. Qb7 Ra8 28. Bc6 Reb8 29. Qe7 Qxc6 30. Rd4 Qg6 31. Rad1 Bh3 32. g3 Qc6 33. Rd8+ Rxd8 34. Rxd8+ Rxd8 35. Qxd8+ Kh7 36. Qd3+ g6 37. f3 Qc5+ 38. Kh2 Qh5 39. g4 Bf1+ 40. Kg3 Qh3+ 41. Kf2 Bxd3 42. Ke3 Bc4 43. a3 Qf1 44. f4 Qd3+ 45. Kf2 Qxc3 46. f5 gxf5 47. gxf5 Qxa3 48. f6 Qd6 49. Ke3 Qxf6 50. Ke4 h5 51. Ke3 h4 52. Kd2 h3 53. Ke1 h2 54. Kd2 b4 55. Kc2 a5 56. Kd2 Ba6 57. Ke3 Qc3+ 58. Kf4 Qd2+ 59. Ke5 Bc4 60. Kf6 a4 61. Ke5 Qd5+ 62. Kf6 Qe6+ 63. Kg5 Bd3 64. Kf4 Qf5+ 65. Ke3 Qe4+ 66. Kf2 Qe2+ 67. Kg3 h1=Q 68. Kf4 Qhf3+ 69. Kg5 Qeg2+ 70. Kh4 0-1

[Event "Junior Online 4NCL Division 3"]
[Site "online"]
[Date "2021.04.01"]
[EventDate "2021.04.01"]
[Round "6.152"]
[White "Vora, Ravi"]
[WhiteElo "1050"]
[WhiteTeam "Warwickshire Bears G"]
[Black "Wang, Xiling"]
[BlackElo "894"]
[BlackTeam "Harrow Juniors F"]
[Result "1-0"]
[PlyCount "119"]

1. d4 d5 2. c4 c6 3. cxd5 cxd5 4. Nc3 Nc6 5. Nf3 Nf6 6. e3 e6 7. Bd3 Ne4 8. Nxe4 dxe4 9. Bxe4 Nb4 10. a3 Nd5 11. Bxd5 Qxd5 12. O-O Bd6 13. Re1 b6 14. e4 Qh5 15. h3 Qa5 16. Qd2 Qxd2 17. Bxd2 Kd7 18. e5 Be7 19. Bg5 Bxg5 20. Nxg5 Ke7 21. Rad1 h6 22. Nf3 Bb7 23. Nd2 Rad8 24. Nc4 Ba6 25. Nd6 Rd7 26. b4 f6 27. b5 Bb7 28. Nxb7 Rxb7 29. exf6+ gxf6 30. d5 f5 31. dxe6 h5 32. Rd5 f4 33. Rf5 h4 34. Rf7+ Kd6 35. Rxb7 f3 36. gxf3 Rg8+ 37. Kf1 Kd5 38. e7 Re8 39. Rd7+ Kc5 40. Rd8 Rxd8 41. exd8=Q Kxb5 42. Qxh4 Ka6 43. f4 Kb7 44. f5 Kc7 45. f6 Kd7 46. f7 Kc7 47. f8=R Kb7 48. Qh7+ Ka6 49. Ra8 Kb5 50. Qxa7 Kc6 51. Qxb6+ Kxb6 52. Rb1+ Kc5 53. Rc8+ Kd6 54. Rb5 Kd7 55. Ra8 Kc6 56. Rh5 Kd6 57. Ra6+ Kc7 58. Rh7+ Kb8 59. Re6 Kc8 60. Re8# 1-0

[Event "Junior Online 4NCL Division 3"]
[Site "online"]
[Date "2021.04.01"]
[EventDate "2021.04.01"]
[Round "6.153"]
[White "Patel-Davis, Riyan"]
[WhiteElo "876"]
[WhiteTeam "Harrow Juniors F"]
[Black "Gandhi, Preesh"]
[BlackElo "1065"]
[BlackTeam "Warwickshire Bears G"]
[Result "0-1"]
[PlyCount "122"]

1. e4 e5 2. Nf3 Nc6 3. Nc3 Bc5 4. Nxe5 Nxe5 5. d4 Bxd4 6. Qxd4 Nc6 7. Qxg7 Qf6 8. Bh6 Ne5 9. Qxf6 Nxf6 10. Bg7 Rg8 11. Bxf6 Ng4 12. e5 Nxf6 13. exf6 Rg6 14. Nd5 Kd8 15. O-O-O c6 16. Nf4 Rxf6 17. Nh5 Rxf2 18. Bd3 Rxg2 19. Bxh7 Rg4 20. Rhg1 Rh4 21. Nf6 Ke7 22. Rgf1 Rxh2 23. Rde1+ Kf8 24. Re8+ Kg7 25. Rg1+ Kxf6 26. Rf1+ Kg7 27. Rg8+ Kxh7 28. Rfg1 d5 29. R1g7+ Kh6 30. Rxf7 Rh1+ 31. Kd2 Rh2+ 32. Kd1 Be6 33. Rf6+ Kh7 34. Rxa8 Bg4+ 35. Kc1 Kg7 36. Rff8 Bh5 37. Rg8+ Kf6 38. Raf8+ Ke5 39. Rg5+ Ke4 40. Re8+ Kf3 41. Rf8+ Ke3 42. Re5+ Kd4 43. Rff5 Bg4 44. Rf4+ Kxe5 45. Rxg4 Rh1+ 46. Kd2 Rh2+ 47. Ke3 Rxc2 48. Rg5+ Kd6 49. Rg6+ Kc5 50. Kd3 Rxb2 51. a3 Rb3+ 52. Kc2 Rxa3 53. Rg7 b5 54. Kb2 Ra4 55. Rg3 Kc4 56. Rc3+ Kd4 57. Kb3 a5 58. Rc2 Rb4+ 59. Ka3 Rc4 60. Rd2+ Kc3 61. Rb2 Ra4# 0-1